Normal view MARC view
  • Biography(men)

Entry Topical Term

Number of records used in: 1

001 - CONTROL NUMBER

  • control field: 115035

003 - CONTROL NUMBER IDENTIFIER

  • control field: OSt

005 - DATE AND TIME OF LATEST TRANSACTION

  • control field: 20230125044852.0

008 - FIXED-LENGTH DATA ELEMENTS

  • fixed length control field: 230125|| aca||aabn | a|a d

040 ## - CATALOGING SOURCE

  • Original cataloging agency: OSt
  • Transcribing agency: OSt

150 ## - HEADING--TOPICAL TERM

  • Topical term or geographic name entry element: Biography(men)

670 ## - SOURCE DATA FOUND

  • Source citation: Work cat.: (OSt)92780: Dasgupta A, The life and times of Karam Chand Thapar, 1998